000 00869nam a2200229 a 4500
001 000005080
005 20240229073820.0
008 090729s2002 dr r 000 0 spa d
040 _aDO-SdBNP
_bspa
_cBNPHU
082 _a348.04
_bS941m
100 1 _aSubero Isa, Jorge A.,
_d1947-
_976863
245 1 4 _aUna muestra jurisprudencial de 5 años :
_b1997-2001 /
_cJorge A. Subero Isa.
260 _aSanto Domingo, :
_bSuprema Corte de Justicia,
_c2002.
300 _av. ;
_c22 cm.
490 1 _aJudicial. Serie ¨C¨ Jurisprudencia
500 _aLa biblioteca posee el v.3, t.2
590 _aInventariado, 2018/BT
650 4 _aJurisprudencia
_zRepública Dominicana
_y1997-2001
_914593
650 4 _aJurisprudencia
_xRecopilaciones, repertorios, etc.
_y1997-2001
_914594
830 0 _aJudicial. Serie ¨C¨Jurisprudencia
_914595
910 _aValidado. Control de calidad. EMS
999 _c4884
_d4884